[Event "5eme LUCOPEN"]
[Site "Lille"]
[Date "2014.05.02"]
[Round "7"]
[White "Smith, Axel"]
[Black "Arizmendi Martinez, Julen Luis"]
[Result "1/2-1/2"]
[WhiteElo "2478"]
[BlackElo "2542"]
[PlyCount "145"]
[EventDate "2014.??.??"]

1. Nf3 d5 2. c4 e6 3. g3 Nf6 4. Bg2 d4 5. e3 c5 6. O-O Nc6 7. exd4 cxd4 8. d3
h6 9. Re1 Bd6 10. b3 O-O 11. Ba3 Re8 12. c5 Bc7 13. b4 a6 14. Nbd2 e5 15. Qb3
Be6 16. Nc4 Bd5 17. Bb2 Re6 18. a3 Nd7 19. Nfd2 Bxg2 20. Kxg2 Nf6 21. Qd1 Qd7
22. Ne4 Rf8 23. Qf3 Ne8 24. Rac1 f5 25. Ned6 Bxd6 26. cxd6 Nxd6 27. Qd5 Rf7 28.
Nxe5 Nxe5 29. Rxe5 Rxe5 30. Qxe5 f4 31. Qxd4 Qe6 32. Qe5 Qg6 33. Qd5 Kh7 34.
Re1 Rf5 35. Qe6 Qxe6 36. Rxe6 Rd5 37. Re7 Nf5 38. Rxb7 Rxd3 39. g4 Nh4+ 40. Kf1
Kg8 41. Ke2 Rb3 42. Bxg7 Rxa3 43. Bxh6 Ra2+ 44. Kd3 Rxf2 45. Bg5 Rxh2 46. Bxf4
Rg2 47. g5 Rg4 48. Bd2 Nf3 49. Rb6 Nxd2 50. Kxd2 Rxg5 51. Rxa6 Kf7 52. Ra5 Rg3
53. Re5 Kf6 54. Re8 Rb3 55. Re4 Kf5 56. Kc2 Rh3 57. Re1 Kf6 58. Re2 Rg3 59. Re4
Rh3 60. Re8 Kf7 61. Re1 Kf6 62. Re4 Rg3 63. Re2 Rh3 64. Kb2 Rg3 65. Ka2 Rh3 66.
b5 Rh5 67. b6 Ra5+ 68. Kb1 Ra8 69. Kc2 Rb8 70. Rh2 Kg6 71. Kb1 Rxb6+ 72. Rb2
Rxb2+ 73. Kxb2 1/2-1/2

[Event "5eme LUCOPEN"]
[Site "Lille"]
[Date "2014.05.02"]
[Round "7"]
[White "Neelotpal, Das"]
[Black "Dominguez Pons, Eric"]
[Result "1-0"]
[WhiteElo "2428"]
[BlackElo "2335"]
[PlyCount "67"]
[EventDate "2014.??.??"]

1. d4 d5 2. c4 c6 3. Nc3 Nf6 4. e3 e6 5. Nf3 Nbd7 6. Qc2 Bd6 7. Bd3 O-O 8. O-O
dxc4 9. Bxc4 e5 10. Rd1 Qe7 11. h3 Nb6 12. dxe5 Bxe5 13. Nxe5 Qxe5 14. Bd3 h6
15. e4 Be6 16. b3 Rfd8 17. Be3 Nh5 18. Ne2 g5 19. Bd4 Qc7 20. Bb2 f6 21. Nd4
Qe7 22. a4 Ng7 23. a5 Nd7 24. a6 Ne5 25. axb7 Qxb7 26. Nxe6 Nxe6 27. Bxe5 fxe5
28. Bc4 Qf7 29. Ra6 Rd4 30. Rxc6 Re8 31. Rxd4 exd4 32. Bd5 Qf6 33. Rxe6 Rxe6
34. Qc8+ 1-0

[Event "5eme LUCOPEN"]
[Site "Lille"]
[Date "2014.05.02"]
[Round "7"]
[White "Camacho Collados, Jose"]
[Black "Castellanos Rodrigue, Renier"]
[Result "1-0"]
[WhiteElo "2388"]
[BlackElo "2474"]
[PlyCount "99"]
[EventDate "2014.??.??"]

1. Nf3 Nf6 2. g3 g6 3. Bg2 Bg7 4. d4 O-O 5. O-O d6 6. a4 c6 7. a5 Na6 8. Nbd2
c5 9. c3 Qc7 10. e4 cxd4 11. Nxd4 Bd7 12. Qe2 Nc5 13. Rd1 Bg4 14. f3 Bd7 15.
Nf1 a6 16. Ra3 Rac8 17. Bg5 Ne6 18. Be3 Rfe8 19. g4 h5 20. g5 Nh7 21. f4 Nxf4
22. Bxf4 e5 23. Ne3 exf4 24. Nd5 Qd8 25. h4 Rc5 26. Nxf4 Rxa5 27. Rxa5 Qxa5 28.
Qc4 Qb6 29. Kh1 Qc5 30. Qb3 Bxd4 31. cxd4 Qb5 32. Qxb5 axb5 33. Rc1 Rc8 34.
Rxc8+ Bxc8 35. Kg1 Nf8 36. Nd5 Kg7 37. Nf6 Bd7 38. b4 Bg4 39. Ne8+ Kg8 40. Nxd6
Ne6 41. Nxb5 Be2 42. Nd6 Nxd4 43. Kf2 Bg4 44. Nxb7 Kf8 45. Nd6 Ke7 46. e5 Ke6
47. b5 Kxe5 48. Nxf7+ Kf4 49. b6 Bc8 50. Nh8 1-0

[Event "5eme LUCOPEN"]
[Site "Lille"]
[Date "2014.05.02"]
[Round "7"]
[White "Bannink, Bernard"]
[Black "Janev, Evgeni"]
[Result "0-1"]
[WhiteElo "2248"]
[BlackElo "2427"]
[PlyCount "56"]
[EventDate "2014.??.??"]

1. d4 d6 2. e4 Nf6 3. Nc3 e5 4. dxe5 dxe5 5. Qxd8+ Kxd8 6. Bc4 Ke8 7. f3 c6 8.
Be3 Nbd7 9. a3 Bc5 10. Bxc5 Nxc5 11. b4 Be6 12. Bxe6 Nxe6 13. Nge2 Ke7 14.
O-O-O b5 15. Rd3 a5 16. Rhd1 Ra7 17. Nb1 Nd7 18. c3 Nb6 19. Nd2 Rha8 20. Nb3
axb4 21. axb4 Nc4 22. Na5 Nxa5 23. bxa5 Rxa5 24. Rd7+ Ke8 25. R7d2 Nc5 26. Rb2
Ra3 27. Kb1 Na4 28. Rc2 Nb6 0-1

[Event "5eme LUCOPEN"]
[Site "Lille"]
[Date "2014.05.02"]
[Round "7"]
[White "Skomorokhin, Roman"]
[Black "Van Der Merwe, Cecile H"]
[Result "1-0"]
[WhiteElo "2384"]
[BlackElo "2038"]
[PlyCount "49"]
[EventDate "2014.??.??"]

1. d4 Nf6 2. c4 g6 3. Nf3 Bg7 4. g3 O-O 5. Bg2 c6 6. O-O d5 7. Qa4 Bf5 8. Nc3
Nbd7 9. cxd5 cxd5 10. Bf4 Nb6 11. Qb3 Ne4 12. Rac1 Rc8 13. Nb5 Nc4 14. Nxa7 Ra8
15. Nb5 Qa5 16. Nc7 Rac8 17. Qxb7 Rfd8 18. b3 e5 19. Nxe5 Rxc7 20. Nxc4 Rxc4
21. bxc4 Qxa2 22. e3 Nd2 23. Bxd5 Nxf1 24. Qxf7+ Kh8 25. Bh6 1-0

[Event "5eme LUCOPEN"]
[Site "Lille"]
[Date "2014.05.02"]
[Round "7"]
[White "Rouze, Xavier"]
[Black "Petrosian, Suren"]
[Result "0-1"]
[WhiteElo "2084"]
[BlackElo "2374"]
[PlyCount "70"]
[EventDate "2014.??.??"]

1. c4 c5 2. g3 g6 3. Bg2 Bg7 4. Nc3 Nc6 5. Nf3 e6 6. d3 Nge7 7. Bg5 h6 8. Bd2
O-O 9. O-O d5 10. Qc1 Kh7 11. cxd5 exd5 12. Bf4 b6 13. h4 Bg4 14. Nh2 Be6 15.
Nb5 Rc8 16. e4 dxe4 17. Nd6 exd3 18. Nxc8 Qxc8 19. Nf3 Nd5 20. Bd2 Ndb4 21. b3
Bxa1 22. Qxa1 Qd8 23. a3 Nc2 24. Qb2 N6d4 25. Nxd4 Nxd4 26. b4 Bd5 27. f3 Re8
28. Rf2 Ne2+ 29. Kh2 Qd6 30. f4 Bxg2 31. Rxg2 c4 32. b5 Qd4 33. Qb4 c3 34. Qxd4
Nxd4 35. Bxc3 Nf3+ 0-1

[Event "5eme LUCOPEN"]
[Site "Lille"]
[Date "2014.05.02"]
[Round "7"]
[White "Dijkhuis, Tycho"]
[Black "Haussernot, Cecile"]
[Result "1-0"]
[WhiteElo "2204"]
[BlackElo "2003"]
[PlyCount "69"]
[EventDate "2014.??.??"]

1. e4 c5 2. Nf3 d6 3. d4 cxd4 4. Nxd4 Nf6 5. Nc3 a6 6. Be3 e5 7. Nb3 Be7 8. h3
Be6 9. f4 exf4 10. Bxf4 Nc6 11. Qe2 Qc7 12. O-O-O O-O 13. Kb1 b5 14. g4 Rac8
15. g5 Nd7 16. Qg2 Nce5 17. Nd4 Nc4 18. Nf5 Nde5 19. Nd5 Bxd5 20. exd5 Rfe8 21.
Bxe5 Nxe5 22. h4 Nc4 23. Bxc4 bxc4 24. Nh6+ Kf8 25. Rdf1 Bd8 26. Rxf7+ Qxf7 27.
Nxf7 Kxf7 28. Qg4 Bc7 29. g6+ hxg6 30. h5 gxh5 31. Qxh5+ Kg8 32. Qh7+ Kf7 33.
Rf1+ Ke7 34. Qxg7+ Kd8 35. Qg5+ 1-0

[Event "5eme LUCOPEN"]
[Site "Lille"]
[Date "2014.05.02"]
[Round "7"]
[White "Malassagne, Isabelle"]
[Black "Navrotescu, Andreea-Cristiana"]
[Result "1/2-1/2"]
[WhiteElo "2045"]
[BlackElo "2190"]
[PlyCount "85"]
[EventDate "2014.??.??"]

1. d4 f5 2. Nf3 g6 3. g3 Bg7 4. Bg2 Nf6 5. O-O O-O 6. b3 Ne4 7. Bb2 d5 8. Nbd2
h6 9. Ne5 g5 10. c4 c6 11. Nxe4 dxe4 12. f3 exf3 13. Bxf3 Nd7 14. Nxd7 Bxd7 15.
e3 Qc7 16. Qd2 Rad8 17. Rad1 e6 18. Ba3 Rf7 19. d5 exd5 20. cxd5 g4 21. Bg2 Re8
22. Bc5 cxd5 23. Bxd5 Be6 24. Bxe6 Rxe6 25. Qd8+ Qxd8 26. Rxd8+ Kh7 27. Bd4 b6
28. Rd5 Bxd4 29. exd4 Kg6 30. Kf2 Rc7 31. Kg1 Re2 32. Rdxf5 Rxa2 33. R5f4 h5
34. Rf6+ Kg7 35. R6f5 Rd2 36. d5 Rd7 37. Rxh5 R7xd5 38. Rxd5 Rxd5 39. Rf4 Rg5
40. Ra4 a5 41. b4 Kg6 42. bxa5 bxa5 43. Kg2 1/2-1/2

[Event "5eme LUCOPEN"]
[Site "Lille"]
[Date "2014.05.02"]
[Round "7"]
[White "Laine, Panu"]
[Black "Dijkhuis, Sven"]
[Result "1-0"]
[WhiteElo "2177"]
[BlackElo "1993"]
[PlyCount "37"]
[EventDate "2014.??.??"]

1. e4 c5 2. Nf3 e6 3. c3 Nf6 4. e5 Nd5 5. d4 cxd4 6. cxd4 d6 7. Nc3 Nxc3 8.
bxc3 Nc6 9. Bf4 Be7 10. Bd3 O-O 11. O-O b6 12. Qe2 Bb7 13. Qe4 g6 14. Rad1 Rc8
15. Bh6 Re8 16. Qf4 Qd7 17. Ng5 Bf8 18. Ne4 Be7 19. Nf6+ 1-0

[Event "5eme LUCOPEN"]
[Site "Lille"]
[Date "2014.05.02"]
[Round "7"]
[White "Frederic, Clement"]
[Black "Perche, Louis"]
[Result "1-0"]
[WhiteElo "2237"]
[BlackElo "1734"]
[PlyCount "99"]
[EventDate "2014.??.??"]

1. e4 c5 2. Nf3 d6 3. c3 Nf6 4. Bd3 Nc6 5. Bc2 Bg4 6. d3 Qa5 7. Nbd2 b5 8. h3
Bd7 9. a3 g6 10. O-O Bg7 11. Re1 Qc7 12. Nf1 O-O 13. Bf4 Nh5 14. Be3 Rac8 15.
Rc1 b4 16. axb4 cxb4 17. d4 bxc3 18. bxc3 Na5 19. Bd3 Rb8 20. c4 Nb3 21. Rb1
Ba4 22. Qe2 e5 23. Qa2 Qd7 24. Bc2 exd4 25. Bxb3 Bxb3 26. Rxb3 dxe3 27. Nxe3
Nf6 28. Nd2 Rxb3 29. Qxb3 Qc6 30. Nc2 Nd7 31. Qa2 Bc3 32. Rd1 a6 33. Nb1 Be5
34. Nd2 Rb8 35. Rb1 Rxb1+ 36. Qxb1 Bc3 37. Qc1 Ne5 38. Ne3 Bxd2 39. Qxd2 Qxe4
40. Qxd6 Nxc4 41. Qb4 Nd6 42. Qxd6 Qb1+ 43. Kh2 Qb5 44. Qd8+ Kg7 45. Qd4+ Kg8
46. Nc4 a5 47. Qd8+ Kg7 48. Nxa5 Qe5+ 49. g3 Qe2 50. Kg2 1-0

[Event "5eme LUCOPEN"]
[Site "Lille"]
[Date "2014.05.02"]
[Round "7"]
[White "Huesmann, Thomas"]
[Black "Majcher, Bernard"]
[Result "1-0"]
[WhiteElo "2217"]
[BlackElo "1915"]
[PlyCount "73"]
[EventDate "2014.??.??"]

1. e4 c5 2. c3 Nf6 3. e5 Nd5 4. d4 cxd4 5. cxd4 Nc6 6. Nf3 d6 7. Bc4 Nb6 8. Bb5
dxe5 9. Nxe5 Bd7 10. Bxc6 Bxc6 11. Nxc6 bxc6 12. O-O e6 13. Be3 Be7 14. Nd2 Nd5
15. Rc1 Rc8 16. Qa4 Qd7 17. Ne4 O-O 18. Nc5 Bxc5 19. Rxc5 Rc7 20. Rfc1 Rfc8 21.
a3 h6 22. b4 Kh7 23. Qc2+ Kg8 24. Qe4 Qe7 25. Bf4 Nxf4 26. Qxf4 a6 27. h3 Qd7
28. Qe4 Qd6 29. Qd3 Ra7 30. Ra5 Rca8 31. Rcc5 Rd8 32. Qc3 Rc8 33. Qc4 Rcc7 34.
g3 Kh7 35. Kg2 g6 36. Kf3 Kg7 37. Ke3 1-0

[Event "5eme LUCOPEN"]
[Site "Lille"]
[Date "2014.05.02"]
[Round "7"]
[White "Veys, Vincent"]
[Black "Manet, Anthony"]
[Result "1-0"]
[WhiteElo "2201"]
[BlackElo "1891"]
[PlyCount "41"]
[EventDate "2014.??.??"]

1. e4 d5 2. exd5 Qxd5 3. Nc3 Qd8 4. d4 c6 5. Nf3 Bf5 6. Be3 Nf6 7. Be2 e6 8.
Nh4 Bg6 9. Nxg6 hxg6 10. h3 Nbd7 11. Bf3 Nb6 12. Qe2 Be7 13. O-O Nbd5 14. Nxd5
Nxd5 15. Bd2 Bg5 16. c4 Nb6 17. Bxg5 Qxg5 18. d5 Rxh3 19. dxe6 f5 20. c5 O-O-O
21. e7 1-0

[Event "5eme LUCOPEN"]
[Site "Lille"]
[Date "2014.05.02"]
[Round "7"]
[White "Faure, Stephane"]
[Black "Aubry, Fabien"]
[Result "1-0"]
[WhiteElo "2081"]
[BlackElo "1887"]
[PlyCount "115"]
[EventDate "2014.??.??"]

1. Nf3 e6 2. c4 f5 3. Nc3 Nf6 4. d4 c6 5. Qd3 d5 6. h3 b6 7. g4 Ne4 8. gxf5
exf5 9. cxd5 Ba6 10. Qc2 Nxc3 11. bxc3 Qxd5 12. Rg1 g6 13. h4 Bg7 14. h5 Qe6
15. Ng5 Qe7 16. Qb3 Kd7 17. Ba3 c5 18. Qd5+ Kc7 19. Qe6 Bf6 20. Qxe7+ Bxe7 21.
dxc5 bxc5 22. Ne6+ Kd7 23. Nxc5+ Bxc5 24. Bxc5 gxh5 25. Rg7+ Kc6 26. Bb4 Bc4
27. Bg2+ Bd5 28. Bxd5+ Kxd5 29. O-O-O+ Ke5 30. Re7+ Kf4 31. Rd4+ Kg5 32. f4+
Kg4 33. Rg7+ Kh3 34. Rd1 Kh2 35. Bc5 Nc6 36. Rd6 h4 37. Rxc6 Rac8 38. Rcc7 h5
39. Kd2 Rcd8+ 40. Bd4 Rb8 41. Rxa7 Rhg8 42. a4 h3 43. a5 Kh1 44. Rab7 Ra8 45.
Rb1+ Kh2 46. Bg1+ Kh1 47. Bb6+ Kh2 48. Rxg8 Rxg8 49. a6 Ra8 50. a7 Kg2 51. Rg1+
Kh2 52. Rg5 h4 53. e4 Kh1 54. Rh5 Kg2 55. Rxh4 fxe4 56. f5 h2 57. f6 Rd8+ 58.
Bxd8 1-0

[Event "5eme LUCOPEN"]
[Site "Lille"]
[Date "2014.05.02"]
[Round "7"]
[White "Vekemans, Denis"]
[Black "Chaignet, Lucas"]
[Result "1-0"]
[WhiteElo "1954"]
[BlackElo "1633"]
[PlyCount "55"]
[EventDate "2014.??.??"]

1. e4 e5 2. f4 d5 3. d4 Nf6 4. fxe5 Nxe4 5. Nf3 Bg4 6. Bd3 c5 7. c3 Nc6 8. Be3
cxd4 9. cxd4 Bb4+ 10. Kf1 f6 11. a3 Ba5 12. Qb3 Bb6 13. Nc3 Nxc3 14. bxc3 fxe5
15. Bg5 Qd7 16. dxe5 Bxf3 17. e6 Qd6 18. gxf3 O-O 19. Kg2 h6 20. e7 Rfe8 21.
Bh4 Nxe7 22. Rad1 Qc5 23. Rhe1 Nc6 24. Be4 Kh8 25. Rxd5 Qf8 26. Rf5 Qd6 27. Rd1
Qe6 28. Rf8+ 1-0

[Event "5eme LUCOPEN"]
[Site "Lille"]
[Date "2014.05.02"]
[Round "7"]
[White "Ladisic, Alex-Sacha"]
[Black "Allemand, Christian"]
[Result "1/2-1/2"]
[WhiteElo "2028"]
[BlackElo "1775"]
[PlyCount "97"]
[EventDate "2014.??.??"]

1. e4 c5 2. Nf3 d6 3. d4 cxd4 4. Nxd4 Nf6 5. Nc3 g6 6. Be2 Bg7 7. Be3 Nc6 8.
Nb3 O-O 9. O-O Bd7 10. f4 Qc8 11. Kh1 a6 12. a4 Ng4 13. Bg1 Nh6 14. Nd5 Rb8 15.
Nb6 Qd8 16. c3 Be6 17. g4 f5 18. exf5 gxf5 19. g5 Nf7 20. Bf3 Bd7 21. h4 Be8
22. Bd5 Kh8 23. Be6 Qc7 24. h5 Ncd8 25. Bd5 Rg8 26. a5 e6 27. Bg2 Bc6 28. Nd4
Bxg2+ 29. Kxg2 e5 30. Nxf5 exf4 31. Nxg7 Rxg7 32. Bd4 Ne5 33. Rxf4 Rxg5+ 34.
Rg4 Ne6 35. Rxg5 Nxg5 36. Qg4 Rg8 37. Kh2 Qf7 38. Kh1 Ngf3 39. Qh3 Qf4 40. Rf1
Rg3 41. Qc8+ Kg7 42. Qd7+ Kh6 43. Qxd6+ Rg6 44. Be3 Qxe3 45. hxg6 hxg6 46. Rxf3
Qxf3+ 47. Kg1 Ng4 48. Qd2+ Ne3 49. Nc4 1/2-1/2

[Event "5eme LUCOPEN"]
[Site "Lille"]
[Date "2014.05.02"]
[Round "7"]
[White "Stas, Arnould"]
[Black "Flamant, Jacky"]
[Result "1-0"]
[WhiteElo "1995"]
[BlackElo "1729"]
[PlyCount "41"]
[EventDate "2014.??.??"]

1. e4 e6 2. d4 d5 3. Nc3 Bb4 4. Nge2 dxe4 5. a3 Be7 6. Nxe4 Nf6 7. Qd3 b6 8.
Bf4 Bb7 9. N2g3 Nbd7 10. O-O-O O-O 11. Be2 c5 12. Bf3 Nd5 13. Bd2 Rc8 14. h4
Qc7 15. Nc3 Nxc3 16. Bxc3 Bxf3 17. Qxf3 cxd4 18. Rxd4 Bf6 19. Rxd7 Qxd7 20.
Bxf6 gxf6 21. Nh5 1-0

[Event "5eme LUCOPEN"]
[Site "Lille"]
[Date "2014.05.02"]
[Round "7"]
[White "Vuilleumier, Alexandre"]
[Black "Zhigalko, Andrey"]
[Result "1/2-1/2"]
[WhiteElo "2335"]
[BlackElo "2600"]
[PlyCount "137"]
[EventDate "2014.??.??"]

1. e4 c5 2. Nf3 d6 3. c3 Nf6 4. h3 g6 5. Bd3 Bg7 6. O-O O-O 7. Bc2 Nc6 8. d4 b5
9. d5 Na5 10. Bf4 Re8 11. Nbd2 e6 12. b4 exd5 13. bxa5 dxe4 14. Ng5 d5 15.
Ndxe4 dxe4 16. Qxd8 Rxd8 17. Nxe4 Nd5 18. Bg5 f6 19. Bd2 c4 20. Rad1 Be6 21. a4
a6 22. Rfe1 Bf7 23. g4 h6 24. Nc5 Rd6 25. Be4 Bf8 26. Bxd5 Rxd5 27. Ne4 Kg7 28.
Be3 f5 29. Ng3 bxa4 30. gxf5 gxf5 31. Nh5+ Bxh5 32. Rxd5 a3 33. Bc5 Bf3 34.
Rxf5 Bxc5 35. Rxc5 Rd8 36. Rce5 a2 37. Ra1 Rd1+ 38. Re1 Rxe1+ 39. Rxe1 Be4 40.
Ra1 Bb1 41. Kg2 Kf6 42. Kf3 Kg5 43. Ke3 h5 44. Kd4 Kh4 45. Ke5 Kxh3 46. f4 h4
47. f5 Kg3 48. f6 h3 49. f7 h2 50. f8=Q h1=Q 51. Qf4+ Kg2 52. Qd2+ Kg3 53. Qe3+
Kg2 54. Qg5+ Kf3 55. Qf4+ Ke2 56. Qxc4+ Kd1 57. Qxa2 Qh8+ 58. Kd6 Qb8+ 59. Kc5
Qb5+ 60. Kd6 Qb8+ 61. Kc6 Qb5+ 62. Kc7 Qc5+ 63. Kd7 Qb5+ 64. Kd6 Qb8+ 65. Ke7
Qc7+ 66. Ke6 Qc6+ 67. Kf7 Qc7+ 68. Kf8 Qc8+ 69. Kg7 1/2-1/2

[Event "5eme LUCOPEN"]
[Site "Lille"]
[Date "2014.05.02"]
[Round "7"]
[White "Bailet, Pierre"]
[Black "Sargissyan, Sargis"]
[Result "1-0"]
[WhiteElo "2469"]
[BlackElo "2283"]
[PlyCount "73"]
[EventDate "2014.??.??"]

1. e4 e5 2. Nf3 Nc6 3. Bb5 f5 4. d3 fxe4 5. dxe4 Nf6 6. O-O Bc5 7. Qd3 Qe7 8.
Nc3 Nd4 9. Bc4 d6 10. Nxd4 Bxd4 11. Be3 Bxc3 12. Qxc3 Nxe4 13. Qb4 c6 14. f4 d5
15. Qxe7+ Kxe7 16. Bd3 Bf5 17. fxe5 Ke6 18. c4 Kxe5 19. cxd5 cxd5 20. Rad1 Rhf8
21. Bc2 Bg4 22. Bd4+ Ke6 23. Rxf8 Rxf8 24. Re1 Bf5 25. Bxg7 Rg8 26. Bd4 a6 27.
h3 Kd6 28. Kh2 Rc8 29. Bd3 Bg6 30. Rf1 Ke7 31. b4 Rc6 32. a4 Nc3 33. b5 axb5
34. axb5 Rc7 35. b6 Rc6 36. Bxg6 hxg6 37. Rc1 1-0

[Event "5eme LUCOPEN"]
[Site "Lille"]
[Date "2014.05.02"]
[Round "7"]
[White "Noordhoek, Henk"]
[Black "Roger, Mehdi"]
[Result "1/2-1/2"]
[WhiteElo "2048"]
[BlackElo "2202"]
[PlyCount "50"]
[EventDate "2014.??.??"]

1. e4 c5 2. Nf3 d6 3. Bb5+ Nc6 4. O-O Bd7 5. Re1 Nf6 6. d3 a6 7. Bxc6 Bxc6 8.
Nc3 e6 9. b3 Be7 10. Bb2 O-O 11. e5 Nd7 12. exd6 Bxd6 13. Ne4 Be7 14. Qd2 Re8
15. Qf4 f6 16. d4 cxd4 17. Nxd4 e5 18. Nxc6 bxc6 19. Qg4 Nf8 20. Rad1 Qc8 21.
Qe2 Qe6 22. Nd2 Bb4 23. c3 Bc5 24. Qc4 Qxc4 25. Nxc4 Kf7 1/2-1/2

[Event "5eme LUCOPEN"]
[Site "Lille"]
[Date "2014.05.02"]
[Round "7"]
[White "Vandemeulebrouck, Renaud"]
[Black "Mahieu, Jacques"]
[Result "1-0"]
[WhiteElo "1932"]
[BlackElo "1598"]
[PlyCount "81"]
[EventDate "2014.??.??"]

1. e4 e6 2. d4 d5 3. Nc3 Bb4 4. e5 Bxc3+ 5. bxc3 c5 6. Qg4 Kf8 7. a4 Qc7 8. Ba3
Nd7 9. Qd1 Ne7 10. Qd2 Kg8 11. f4 Nf5 12. g4 Nh4 13. Kf2 b6 14. Nf3 Nxf3 15.
Kxf3 Bb7 16. Bd3 f6 17. Rhe1 fxe5 18. fxe5 Qd8 19. Qf4 Qh4 20. Qg3 Qxg3+ 21.
Kxg3 g6 22. Bb5 Nf8 23. Bd3 c4 24. Be2 g5 25. Rf1 Nd7 26. Rh1 Bc6 27. a5 h6 28.
h4 Kg7 29. hxg5 hxg5 30. Rxh8 Kxh8 31. Be7 Kg7 32. Bxg5 Kg6 33. Be7 b5 34. Rh1
a6 35. g5 Kf7 36. Bf6 Rg8 37. Bh5+ Kf8 38. Kf4 Nxf6 39. exf6 Be8 40. Bxe8 Kxe8
41. Rh7 1-0

[Event "5eme LUCOPEN"]
[Site "Lille"]
[Date "2014.05.03"]
[Round "8"]
[White "Chatalbashev, Boris"]
[Black "Maiorov, Nikita"]
[Result "1/2-1/2"]
[WhiteElo "2520"]
[BlackElo "2522"]
[PlyCount "51"]
[EventDate "2014.??.??"]

1. c4 Nf6 2. Nf3 c6 3. g3 d5 4. Bg2 dxc4 5. O-O Nbd7 6. Qc2 Nb6 7. Na3 Be6 8.
Ng5 Bg4 9. Nxc4 Bxe2 10. Ne5 Bh5 11. Re1 h6 12. Ne4 e6 13. Nxf6+ gxf6 14. Nxc6
bxc6 15. Bxc6+ Nd7 16. Qf5 Bg6 17. Rxe6+ Be7 18. Qxf6 Rg8 19. Re1 Kf8 20. Qf4
Rc8 21. Qxh6+ Rg7 22. Qh8+ Rg8 23. Qh6+ Rg7 24. Qh8+ Rg8 25. Qh6+ Rg7 26. Qh8+
1/2-1/2

[Event "5eme LUCOPEN"]
[Site "Lille"]
[Date "2014.05.03"]
[Round "8"]
[White "Lagarde, Maxime"]
[Black "Bachmann, Axel"]
[Result "1-0"]
[WhiteElo "2510"]
[BlackElo "2598"]
[PlyCount "57"]
[EventDate "2014.??.??"]

1. e4 c5 2. Nc3 a6 3. g3 b5 4. Bg2 Bb7 5. a4 b4 6. Nd5 e6 7. Ne3 Nf6 8. d3 Be7
9. g4 d6 10. h4 Nfd7 11. g5 Nc6 12. f4 h6 13. Qg4 Nd4 14. Nf3 Qc7 15. b3 O-O-O
16. Bb2 hxg5 17. hxg5 Rxh1+ 18. Bxh1 Rh8 19. Bg2 f5 20. exf5 exf5 21. Qg3 Bxf3
22. Bxf3 g6 23. Nd5 Qd8 24. Bxd4 cxd4 25. O-O-O Bf8 26. Qe1 Rh3 27. Bg2 Rh2 28.
Qg1 Rh4 29. Qxd4 1-0

[Event "5eme LUCOPEN"]
[Site "Lille"]
[Date "2014.05.03"]
[Round "8"]
[White "Arizmendi Martinez, Julen Luis"]
[Black "Neelotpal, Das"]
[Result "1-0"]
[WhiteElo "2542"]
[BlackElo "2428"]
[PlyCount "103"]
[EventDate "2014.??.??"]

1. d4 Nf6 2. c4 e6 3. Nc3 Bb4 4. e3 O-O 5. Nge2 d5 6. a3 Be7 7. cxd5 Nxd5 8.
Bd2 Nd7 9. g3 Nxc3 10. Bxc3 b6 11. Bg2 Rb8 12. Qa4 a6 13. Rd1 b5 14. Qc2 Bb7
15. Bxb7 Rxb7 16. d5 exd5 17. Rxd5 Qc8 18. O-O c5 19. Rfd1 Nb6 20. R5d2 a5 21.
Nf4 b4 22. Be5 c4 23. Nd5 Nxd5 24. Rxd5 bxa3 25. bxa3 f6 26. Bc3 Bxa3 27. Bxa5
Qc6 28. R5d4 Rc8 29. Rxc4 Qxc4 30. Rd8+ Kf7 31. Rxc8 Qxc2 32. Rxc2 Rb5 33. Rc7+
Be7 34. Ra7 Ke6 35. Bc3 h5 36. h3 g5 37. g4 hxg4 38. hxg4 f5 39. Ra6+ Kf7 40.
gxf5 Rxf5 41. Kg2 Rb5 42. Kf3 Rf5+ 43. Kg3 Bd8 44. Rc6 Rb5 45. Bd4 Rb1 46. Kg4
Rg1+ 47. Kf5 g4 48. Be5 Bh4 49. Rc7+ Ke8 50. Ke6 Rb1 51. Rc8+ Bd8 52. Bc7 1-0

[Event "5eme LUCOPEN"]
[Site "Lille"]
[Date "2014.05.03"]
[Round "8"]
[White "Janev, Evgeni"]
[Black "Smith, Axel"]
[Result "1-0"]
[WhiteElo "2427"]
[BlackElo "2478"]
[PlyCount "107"]
[EventDate "2014.??.??"]

1. e4 e6 2. d4 d5 3. Nd2 c5 4. exd5 Qxd5 5. dxc5 Nf6 6. Ngf3 Qxc5 7. Bd3 Be7 8.
O-O O-O 9. Qe2 Nbd7 10. Ne4 Qc7 11. Bg5 b6 12. Nxf6+ Nxf6 13. Qe5 Qxe5 14. Nxe5
Bd6 15. Rfe1 Nd5 16. Bh4 Bb7 17. Rad1 Nf4 18. Ba6 Bxa6 19. Rxd6 f6 20. Nc6 g5
21. Bg3 Ne2+ 22. Kh1 e5 23. Nb4 Nxg3+ 24. hxg3 Bb7 25. Red1 Rf7 26. c4 Kg7 27.
b3 Re8 28. Kg1 f5 29. c5 bxc5 30. Nd3 e4 31. Nxc5 Bc8 32. b4 f4 33. gxf4 gxf4
34. Re1 e3 35. f3 h5 36. Kf1 Rf6 37. Rd4 h4 38. a4 h3 39. gxh3 Bxh3+ 40. Ke2
Rg6 41. Rxf4 Rg2+ 42. Kd3 Rd2+ 43. Kc3 Rg2 44. a5 Kg6 45. Re4 Rd8 46. Nd3 Kf6
47. Nf4 Rc8+ 48. Kb3 Rgc2 49. Nxh3 R8c3+ 50. Ka4 a6 51. Ra1 Rf2 52. Nxf2 exf2
53. Re2 Rxf3 54. Rf1 1-0

[Event "5eme LUCOPEN"]
[Site "Lille"]
[Date "2014.05.03"]
[Round "8"]
[White "Cawdery, Daniel"]
[Black "Bailet, Pierre"]
[Result "1/2-1/2"]
[WhiteElo "2395"]
[BlackElo "2469"]
[PlyCount "49"]
[EventDate "2014.??.??"]

1. e4 c5 2. Nf3 d6 3. d4 cxd4 4. Qxd4 Bd7 5. c4 Nc6 6. Qe3 g6 7. Be2 Bg7 8. Nc3
Bg4 9. O-O Nf6 10. Rd1 Nd7 11. Rb1 a5 12. b3 O-O 13. Bb2 Nc5 14. Nd5 Bxf3 15.
Bxf3 Bxb2 16. Rxb2 e5 17. g3 Ne6 18. Bg2 Ncd4 19. f4 Nc7 20. Nc3 Rb8 21. Bh3 b5
22. Ne2 Nxe2+ 23. Rxe2 Qe7 24. Red2 bxc4 25. Rxd6 1/2-1/2

[Event "5eme LUCOPEN"]
[Site "Lille"]
[Date "2014.05.03"]
[Round "8"]
[White "Pancevski, Filip"]
[Black "Camacho Collados, Jose"]
[Result "1-0"]
[WhiteElo "2466"]
[BlackElo "2388"]
[PlyCount "95"]
[EventDate "2014.??.??"]

1. e4 e5 2. Bc4 Nf6 3. d3 c6 4. Nf3 d5 5. Bb3 a5 6. a4 Bd6 7. Nc3 Bb4 8. O-O
Bg4 9. exd5 O-O 10. dxc6 Nxc6 11. Be3 Re8 12. Ne4 Nd4 13. Bxd4 exd4 14. Ng3 Nh5
15. Ne4 Nf6 16. h3 Bh5 17. Ng3 Ra6 18. Rc1 Bg6 19. Nh4 Nd7 20. Nxg6 Rxg6 21.
Qf3 Rf6 22. Qxb7 Re7 23. Qd5 Rd6 24. Qh5 Rh6 25. Qd1 Re5 26. c3 Bc5 27. cxd4
Bxd4 28. Qg4 Bb6 29. d4 Rg6 30. Qf3 Rf6 31. Qb7 Re8 32. Qd5 Nf8 33. Nh5 Bxd4
34. Qxd8 Rxd8 35. Nxf6+ Bxf6 36. Rc7 Ne6 37. Bxe6 fxe6 38. Rfc1 Rd2 39. R7c2
Rd8 40. Re1 Kf7 41. Rc7+ Be7 42. g3 Kf6 43. Re3 Rd1+ 44. Kg2 Bd6 45. Rf3+ Kg6
46. Rd7 Rd2 47. Rff7 Be5 48. Rxg7+ 1-0

[Event "5eme LUCOPEN"]
[Site "Lille"]
[Date "2014.05.03"]
[Round "8"]
[White "Zhigalko, Andrey"]
[Black "Shirazi, Kamran"]
[Result "1-0"]
[WhiteElo "2600"]
[BlackElo "2366"]
[PlyCount "57"]
[EventDate "2014.??.??"]

1. e4 c5 2. Nf3 a6 3. c3 g6 4. d4 cxd4 5. cxd4 d5 6. exd5 Nf6 7. Nc3 Nxd5 8.
Bc4 Nb6 9. Bb3 Bg7 10. O-O O-O 11. Re1 Nc6 12. d5 Na5 13. Bg5 f6 14. Bf4 Re8
15. d6+ e6 16. a4 Kh8 17. Ba2 e5 18. Be3 Be6 19. b4 Nac4 20. Bc5 a5 21. Nb5
axb4 22. Nc7 Bd7 23. Nxa8 Qxa8 24. a5 Nb2 25. Qc2 N6a4 26. Bxb4 e4 27. Rxe4 Bf5
28. Rxe8+ Qxe8 29. Re1 1-0

[Event "5eme LUCOPEN"]
[Site "Lille"]
[Date "2014.05.03"]
[Round "8"]
[White "Koziak, Vitali"]
[Black "Vuilleumier, Alexandre"]
[Result "1/2-1/2"]
[WhiteElo "2509"]
[BlackElo "2335"]
[PlyCount "99"]
[EventDate "2014.??.??"]

1. Nf3 Nf6 2. g3 d5 3. Bg2 c6 4. O-O Bf5 5. d3 h6 6. c4 dxc4 7. dxc4 Qxd1 8.
Rxd1 Bc2 9. Rd2 Bh7 10. Nc3 e6 11. Rd1 Bc2 12. Re1 Bb4 13. Bd2 Nbd7 14. Rac1
Bh7 15. a3 Be7 16. b4 Nb6 17. Ne5 Rd8 18. Red1 Nfd7 19. Nxd7 Rxd7 20. c5 Nc4
21. Bf4 g5 22. Rxd7 Kxd7 23. Rd1+ Kc8 24. Bc1 Rd8 25. Rxd8+ Kxd8 26. e4 Bf6 27.
Nd1 Bd4 28. Kf1 f5 29. exf5 Bxf5 30. Bf3 Bc2 31. Be2 Ke7 32. Ke1 Bb3 33. f4
gxf4 34. gxf4 Kf6 35. Nf2 a5 36. Ne4+ Ke7 37. Bxc4 Bxc4 38. Nd6 Ba6 39. f5 axb4
40. axb4 b6 41. fxe6 Bc3+ 42. Bd2 Bxd2+ 43. Kxd2 bxc5 44. bxc5 Kxe6 45. Ke3 Kd5
46. Nf5 h5 47. Ng3 h4 48. Nf5 h3 49. Ne7+ Kxc5 50. Nxc6 1/2-1/2

[Event "5eme LUCOPEN"]
[Site "Lille"]
[Date "2014.05.03"]
[Round "8"]
[White "Sadikhov, Ulvi"]
[Black "Lie, Espen"]
[Result "1/2-1/2"]
[WhiteElo "2289"]
[BlackElo "2460"]
[PlyCount "68"]
[EventDate "2014.??.??"]

1. e4 Nf6 2. e5 Nd5 3. d4 d6 4. c4 Nb6 5. Nf3 Bg4 6. Be2 dxe5 7. Nxe5 Bxe2 8.
Kxe2 N8d7 9. b3 Nxe5 10. dxe5 Qc8 11. Qd4 Qf5 12. Nc3 c6 13. Be3 Qc2+ 14. Qd2
Qxd2+ 15. Kxd2 e6 16. Ne4 Nd7 17. f4 b6 18. Kc2 Be7 19. Rhd1 O-O-O 20. g3 h6
21. a4 a5 22. Rd2 c5 23. Rad1 Nb8 24. Rxd8+ Rxd8 25. Rxd8+ Kxd8 26. g4 Nc6 27.
h3 Ke8 28. Nd2 Nb4+ 29. Kc3 f6 30. Nf3 fxe5 31. fxe5 Kf7 32. Kd2 Nc6 33. Kd3
Nb4+ 34. Kd2 Nc6 1/2-1/2